| 000 | 00585nam a2200229Ia 4500 | ||
|---|---|---|---|
| 003 | MUT | ||
| 005 | 20240606080855.0 | ||
| 008 | 150730s9999 xx 000 0 und d | ||
| 020 | _a9966254595 | ||
| 040 | _cMUT | ||
| 050 |
_aPC 2129 _b.S52 2006 |
||
| 100 | _aShihemi, Joy | ||
| 245 | _aPeak revision KCSE French | ||
| 264 | _aNairobi | ||
| 264 | _bSaleemi | ||
| 264 | _c2006 | ||
| 650 |
_aFrench language -- _xGrammar |
||
| 650 |
_aFrench language _xTextbooks for foreign students |
||
| 700 | _4Odhiambo, James | ||
| 942 |
_2lcc _cBK |
||
| 999 |
_c2477 _d2477 |
||